• 首页
  • 本馆介绍
  • 公告通知
  • 最新文献
  • 馆藏检索
  • 电子资源
  • 读者导购
  • 参考咨询
  • 我的图书馆
  • 登录
  • 详细信息显示
  • 放入我的书架
  • 预约/预借图书
  • 作者相关作品
  • 分类相关作品
  • 丛书相关作品
  • 出版社相关作品

书目信息

  • 表格格式
  • 工作单格式
  • 卡片格式
题名:
影视导演基础
    
 
作者: 王心语 著
分册:  
出版信息: 北京   中国传媒大学出版社  2009
页数: 341页
开本: 24cm
丛书名: 实用影视艺术丛书
单 册:
中图分类: J911
科图分类:
主题词: 电影导演--基本知识 , 电影导演 , 影视艺术--导演--基本知识 , 影视艺术
电子资源:
ISBN: 978-7-81127-238-3
000 00899oam2 2200301 45
001 1130211094
005 20110309143325.01
010    @a978-7-81127-238-3@dCNY45.00
100    @a20110123e20102009ekmy0chiy0120 ea
101 0  @achi
102    @aCN@b110000
105    @ay z 000yy
106    @ar
200 1  @a影视导演基础@AYing Shi Dao Yan Ji Chu@f王心语著@FWang Xin Yu Zhu
205    @a修订版
210    @a北京@c中国传媒大学出版社@d2009
215    @a341页@d24cm
225 2  @a实用影视艺术丛书
330    @a本书介绍了电影的历史轨迹、电视的崛起、导演与剧作、导演与演员、空间设计、场面调度等内容。
461  0 @12001 @a实用影视艺术丛书
606 0  @a电影导演@x基本知识
606 0  @a电影导演
606 0  @a影视艺术@x导演@x基本知识
606 0  @a影视艺术
690    @aJ911@v4
701  0 @a王心语@AWang Xin Yu@4著
801  0 @aCN@bTANGWEI@c20110309
905    @b0530526-28@dJ911@e246=2@f3
    
    影视导演基础/王心语著.-修订版.-北京:中国传媒大学出版社,2009
    341页;24cm.-(实用影视艺术丛书)
    
    
    ISBN 978-7-81127-238-3:CNY45.00
    本书介绍了电影的历史轨迹、电视的崛起、导演与剧作、导演与演员、空间设计、场面调度等内容。
●
相关链接 在E读中查询图书 在五车中查询图书 在当当中查询图书 在豆瓣中查询图书


正题名:影视导演基础     索取号:J911/246=2         预约/预借

序号 登录号 条形码 馆藏地/架位号 状态 备注
1 0530526   205305267   第一样本阅览室/ [索取号:J911/246=2] 在馆    
2 0530527   205305276   第一借阅区/ [索取号:J911/246=2] 在馆    
3 0530528   205305285   第一借阅区/ [索取号:J911/246=2] 在馆    
唐山师范学院图书馆 欢迎您!
大连网信软件有限公司© 版权所有